<?xml version="1.0" encoding="UTF-8"?>
<record
    xmlns:xsi="http://www.w3.org/2001/XMLSchema-instance"
    xsi:schemaLocation="http://www.loc.gov/MARC21/slim http://www.loc.gov/standards/marcxml/schema/MARC21slim.xsd"
    xmlns="http://www.loc.gov/MARC21/slim">

  <leader>02998cam a2200373 i 4500</leader>
  <controlfield tag="001">22691344</controlfield>
  <controlfield tag="003">CSPC</controlfield>
  <controlfield tag="005">20260318164828.0</controlfield>
  <controlfield tag="008">220712s2024    maua     b    001 0 eng  </controlfield>
  <datafield tag="010" ind1=" " ind2=" ">
    <subfield code="a">  2022033278</subfield>
  </datafield>
  <datafield tag="020" ind1=" " ind2=" ">
    <subfield code="a">9781284262179</subfield>
    <subfield code="q">(paperback)</subfield>
  </datafield>
  <datafield tag="035" ind1=" " ind2=" ">
    <subfield code="a">22691344</subfield>
  </datafield>
  <datafield tag="040" ind1=" " ind2=" ">
    <subfield code="a">DNLM/DLC</subfield>
    <subfield code="b">eng</subfield>
    <subfield code="e">rda</subfield>
    <subfield code="c">DLC</subfield>
    <subfield code="d">DLC</subfield>
    <subfield code="d">CSPC</subfield>
  </datafield>
  <datafield tag="042" ind1=" " ind2=" ">
    <subfield code="a">pcc</subfield>
  </datafield>
  <datafield tag="050" ind1="0" ind2="0">
    <subfield code="a">RJ245</subfield>
    <subfield code="b">.L558 2024</subfield>
  </datafield>
  <datafield tag="060" ind1="0" ind2="0">
    <subfield code="a">WY 159</subfield>
  </datafield>
  <datafield tag="082" ind1="0" ind2="0">
    <subfield code="a">618.9200231</subfield>
    <subfield code="b">L649p</subfield>
    <subfield code="2">23/eng/20221017</subfield>
  </datafield>
  <datafield tag="100" ind1="1" ind2=" ">
    <subfield code="a">Linnard-Palmer, Luanne,</subfield>
    <subfield code="e">author.</subfield>
  </datafield>
  <datafield tag="245" ind1="1" ind2="0">
    <subfield code="a">Pediatric nursing care :</subfield>
    <subfield code="b">a concept-based approach /</subfield>
    <subfield code="c">Luanne Linnard-Palmer.</subfield>
  </datafield>
  <datafield tag="250" ind1=" " ind2=" ">
    <subfield code="a">Second edition.</subfield>
  </datafield>
  <datafield tag="264" ind1=" " ind2="1">
    <subfield code="a">Burlington, Massachusetts :</subfield>
    <subfield code="b">Jones &amp; Bartlett Learning,</subfield>
    <subfield code="c">2024.</subfield>
  </datafield>
  <datafield tag="300" ind1=" " ind2=" ">
    <subfield code="a">xviii, 591 pages :</subfield>
    <subfield code="b">illustrations ;</subfield>
    <subfield code="c">28 cm.</subfield>
  </datafield>
  <datafield tag="336" ind1=" " ind2=" ">
    <subfield code="a">text</subfield>
    <subfield code="b">txt</subfield>
    <subfield code="2">rdacontent</subfield>
  </datafield>
  <datafield tag="337" ind1=" " ind2=" ">
    <subfield code="a">unmediated</subfield>
    <subfield code="b">n</subfield>
    <subfield code="2">rdamedia</subfield>
  </datafield>
  <datafield tag="338" ind1=" " ind2=" ">
    <subfield code="a">volume</subfield>
    <subfield code="b">nc</subfield>
    <subfield code="2">rdacarrier</subfield>
  </datafield>
  <datafield tag="504" ind1=" " ind2=" ">
    <subfield code="a">Includes bibliographical references and index.</subfield>
  </datafield>
  <datafield tag="505" ind1="0" ind2=" ">
    <subfield code="a">Unit I. Overview of pediatric nursing care -- Introduction to children's health care -- Care across clinical settings -- Unit II. Safety in caring for children and families -- Essential safety models -- Unit III. Models of care -- Cultural and religious influences to care -- Working and communicating with an interdisciplinary team -- Unit IV. Developmentally focused care and developmental milestone -- Caring for neonates and infants -- Caring for toddlers -- Caring for preschoolers -- Caring for school-age children -- Caring for adolescents -- Symptom management across childhood -- Unit V. Caring for families in need -- Caring for families under stress -- Caring for an abused child -- Unit VI. Concept-based care in pediatrics -- Gastrointestinal elimination -- Metabolism -- Gas exchange and oxygenation -- Skin integrity -- Cellular regulation -- Cardiovascular: perfusion -- Sensory perceptions: impairments and disorders -- Intracranial regulation -- Genitourinary elimination -- Mobility -- Cognition and mental health -- Immune system disorders -- Infection and communicable diseases in childhood -- Unit VII. Implementing principles of safe care -- Essential skills for pediatric nursing -- Safe and legal aspects of care -- Care of the acutely ill or critically ill child -- The dying child.</subfield>
  </datafield>
  <datafield tag="520" ind1=" " ind2=" ">
    <subfield code="a">"Pediatric Nursing Care: A Concept Based Approach, Second Edition, provides guidance for working clinical nurses wanting to cross train or switch clinical practice from adult-oriented care to pediatric nursing, as well as pre-licensure students learning about the complex field of pediatric care"--</subfield>
    <subfield code="c">Provided by publisher.</subfield>
  </datafield>
  <datafield tag="650" ind1="1" ind2="2">
    <subfield code="a">Pediatric nursing.</subfield>
  </datafield>
  <datafield tag="906" ind1=" " ind2=" ">
    <subfield code="a">7</subfield>
    <subfield code="b">cbc</subfield>
    <subfield code="c">orignew</subfield>
    <subfield code="d">1</subfield>
    <subfield code="e">ecip</subfield>
    <subfield code="f">20</subfield>
    <subfield code="g">y-gencatlg</subfield>
  </datafield>
  <datafield tag="942" ind1=" " ind2=" ">
    <subfield code="2">ddc</subfield>
    <subfield code="n">0</subfield>
    <subfield code="c">BK</subfield>
    <subfield code="e">23</subfield>
    <subfield code="h">618.9200231</subfield>
    <subfield code="i">L649p</subfield>
    <subfield code="k">GRD</subfield>
    <subfield code="m">2024</subfield>
  </datafield>
  <datafield tag="952" ind1=" " ind2=" ">
    <subfield code="0">0</subfield>
    <subfield code="1">0</subfield>
    <subfield code="2">ddc</subfield>
    <subfield code="4">0</subfield>
    <subfield code="7">0</subfield>
    <subfield code="a">CSPC</subfield>
    <subfield code="b">CSPC</subfield>
    <subfield code="c">GRD</subfield>
    <subfield code="d">2026-03-18</subfield>
    <subfield code="l">0</subfield>
    <subfield code="o">GRD 618.9200231 L649p 2024</subfield>
    <subfield code="p">031450</subfield>
    <subfield code="r">2026-03-18 13:42:31</subfield>
    <subfield code="t">1-1</subfield>
    <subfield code="w">2026-03-18</subfield>
    <subfield code="y">BK</subfield>
  </datafield>
  <datafield tag="999" ind1=" " ind2=" ">
    <subfield code="c">32094</subfield>
    <subfield code="d">32094</subfield>
  </datafield>
</record>
